| 000 | 00524nam a22001697a 4500 | ||
|---|---|---|---|
| 005 | 20251108165243.0 | ||
| 008 | 250721s1996 xx 000 0 ara d | ||
| 082 | 1 | 4 | _a613.25/روا |
| 100 | 1 | _aالرواجبة، عايدة أحمد | |
| 245 | 1 | 0 | _aالرشاقة بين الرجيم و السمنة / |
| 264 | 1 |
_aعمان : _bدار الإسراء للنشر والتوزيع، _c1996. |
|
| 300 | _a96ص. | ||
| 650 | 1 | 7 | _aاللياقة البدنية |
| 650 | 1 | 7 | _aالريجيم |
| 942 |
_2ddc _cBK |
||
| 999 |
_c23302 _d23302 |
||